Lectures on the relation between law and public opinion in England during the nineteenth century (Record no. 72676)
[ view plain ]
| 000 -LEADER | |
|---|---|
| fixed length control field | 01608nam a2200373Ia 4500 |
| 100 1# - MAIN ENTRY--AUTHOR NAME | |
| Personal name | Dicey, Albert Venn, |
| 245 10 - TITLE STATEMENT | |
| Title | Lectures on the relation between law and public opinion in England during the nineteenth century |
| 260 ## - PUBLICATION, DISTRIBUTION, ETC. (IMPRINT) | |
| Place of publication | Indianapolis, IN : |
| Name of publisher | Liberty Fund, |
| Year of publication | c2008. |
| 300 ## - PHYSICAL DESCRIPTION | |
| Number of Pages | xxvii, 420 p. |
| 500 ## - GENERAL NOTE | |
| General note | Originally published: London : Macmillan, 1917. |
| 650 #0 - SUBJECT ADDED ENTRY--TOPICAL TERM | |
| Topical Term | Law |
| Topical Term | Public opinion |
| 856 40 - ELECTRONIC LOCATION AND ACCESS | |
| Uniform Resource Identifier | http://site.ebrary.com/lib/rucke/Doc?id=10629269 |
No items available.
